000 01622nam1a2200397 i 4500
001 RU\NLR\bibl\941531
005 20260407111405.0
035 _a(NLR Aleph) 000929705
090 _a152048
_c152048
100 _a20060502d20059999k y0rusy50 ca
101 0 _arus
102 _aRU
105 _a||||z |||||
200 1 _aИсследования молодых ученых и студентов в биологии
_eсборник научных трудов
_fСарат. гос. ун-т им. Н.Г. Чернышевского
_g[редкол.: ... Г.В. Шляхтин (отв. ред.) и др.]
210 _aСаратов
_cИзд-во Саратовского университета
_d2005
215 _d20
463 0 _1001926293
463 0 _10011090166
463 0 _10011335631
463 0 _10011445209
463 0 _10011409244
463 0 _10011708730
463 0 _10011834284
463 0 _10012010207
606 1 _aБиология
_jСборники
_9896131
_3RU\NLR\auth\664781
606 _aЭкология
_jСборники
_9939347
_3RU\NLR\auth\6628592
686 _aЕ081я43
686 _aЕ.я43
702 1 _4340
_7ca
_8rus
_aШляхтин
_bГ. В.
_f1941-
_gГеннадий Викторович
_9150569
_3RU\NLR\AUTH\770150606
712 0 2 _4570
_aСаратовский государственный университет им. Н. Г. Чернышевского
_9373195
_3RU\NLR\AUTH\889939158
801 0 _aRU
_bNLR
_c20060502
_grcr
801 1 _aRU
_bNLR
_c20060502
830 _aред. по кат.
852 _aNLR
_j2006-3/9122
942 _cBOOK